| 000 | 00372 a2200145 4500 | ||
|---|---|---|---|
| 020 | _a0007154895 | ||
| 082 | _a823.912 | ||
| 090 |
_c891 _d891 |
||
| 100 | _aChristie, Agatha. | ||
| 245 |
_aThe Unexpected Guest _cAgatha Christie |
||
| 260 |
_aLondon: _bHarper Collins Publishers, _c1999. |
||
| 300 |
_a 204 p. ; _c19 cm. |
||
| 650 | _aEnglish fiction | ||
| 942 |
_cBK _k823.912 CHR |
||
| 999 |
_c4860 _d4860 |
||